Operační management
Podstata operačného manažmentu a jeho metódy. Rola a úlohy operačných manažérov. Popis všeobecne rozšírených typov procesov. Riadenie materiálu. Splnenie hlavných cieľov organizácií. Výroba just-in-time. Statická kontrola kvality.
Salvato in:
| Autore principale: | |
|---|---|
| Natura: | Capitolo di libro |
| Lingua: | ceco |
| Soggetti: | |
| Tags: |
Nessun Tag, puoi essere il primo ad aggiungerne!!
|
MARC
| LEADER | 00000naa$a2200000$$$4500 | ||
|---|---|---|---|
| 001 | 0072720 | ||
| 005 | 20231128135753.1 | ||
| 041 | 0 | |a cze | |
| 044 | |a CZ | ||
| 245 | 1 | 0 | |a Operační management |c Petra Horváthová |
| 520 | |a Podstata operačného manažmentu a jeho metódy. Rola a úlohy operačných manažérov. Popis všeobecne rozšírených typov procesov. Riadenie materiálu. Splnenie hlavných cieľov organizácií. Výroba just-in-time. Statická kontrola kvality. | ||
| 610 | 2 | 0 | |a manažment |
| 610 | 2 | 0 | |a systémy operačné |
| 610 | 2 | 0 | |a plánovanie |
| 610 | 2 | 0 | |a riadenie zásob |
| 610 | 2 | 0 | |a kontrola kvality |
| 100 | 1 | |a Horváthová, Petra | |